All Countries quiz - Statistics

General Stats
  • This quiz has been taken 24 times
  • The average score is 163 of 196
Answers on the Map
Answers color-coded by a green-red scale on the quiz's map according to % correct below.
 
Answer Stats
Country % Correct
Albania
100%
Algeria
100%
Argentina
100%
Australia
100%
Brazil
100%
Canada
100%
China
100%
Colombia
100%
Denmark
100%
Egypt
100%
Estonia
100%
Finland
100%
France
100%
Germany
100%
Iceland
100%
India
100%
Iran
100%
Iraq
100%
Italy
100%
Latvia
100%
Lithuania
100%
Mexico
100%
Norway
100%
Portugal
100%
Russia
100%
Spain
100%
Sweden
100%
United States
100%
Angola
93%
Austria
93%
Belgium
93%
Bosnia and Herzegovina
93%
Botswana
93%
Bulgaria
93%
Cameroon
93%
Chad
93%
Cuba
93%
Cyprus
93%
Ecuador
93%
El Salvador
93%
Greece
93%
Hungary
93%
Indonesia
93%
Ireland
93%
Kazakhstan
93%
Laos
93%
Madagascar
93%
New Zealand
93%
Poland
93%
Romania
93%
Saudi Arabia
93%
Somalia
93%
South Africa
93%
Turkey
93%
Ukraine
93%
United Kingdom
93%
Vatican City
93%
Venezuela
93%
Yemen
93%
Afghanistan
87%
Andorra
87%
Bangladesh
87%
Belarus
87%
Belize
87%
Bolivia
87%
Cambodia
87%
Chile
87%
Costa Rica
87%
Dominica
87%
Dominican Republic
87%
Eswatini
87%
Ethiopia
87%
Ghana
87%
Guatemala
87%
Guinea
87%
Guyana
87%
Haiti
87%
Ivory Coast
87%
Jamaica
87%
Japan
87%
Jordan
87%
Kuwait
87%
Lebanon
87%
Lesotho
87%
Libya
87%
Liechtenstein
87%
Mali
87%
Malta
87%
Morocco
87%
Nepal
87%
Netherlands
87%
Niger
87%
Nigeria
87%
Oman
87%
Pakistan
87%
Paraguay
87%
Peru
87%
Slovakia
87%
Slovenia
87%
Sudan
87%
Suriname
87%
Thailand
87%
Togo
87%
Tunisia
87%
Uruguay
87%
Vietnam
87%
Antigua and Barbuda
80%
Armenia
80%
Bahamas
80%
Benin
80%
Bhutan
80%
Croatia
80%
Czech Republic
80%
Democratic Republic of the Congo
80%
Djibouti
80%
Eritrea
80%
Gabon
80%
Gambia
80%
Georgia
80%
Honduras
80%
Israel
80%
Kenya
80%
Liberia
80%
Moldova
80%
Mongolia
80%
Montenegro
80%
Mozambique
80%
Myanmar
80%
Nicaragua
80%
North Korea
80%
Panama
80%
Philippines
80%
Qatar
80%
Rwanda
80%
Serbia
80%
South Korea
80%
Switzerland
80%
Syria
80%
Tanzania
80%
Uzbekistan
80%
Zambia
80%
Zimbabwe
80%
Azerbaijan
73%
Barbados
73%
Burkina Faso
73%
Burundi
73%
Central African Republic
73%
Fiji
73%
Guinea-Bissau
73%
Kiribati
73%
Kosovo
73%
Luxembourg
73%
Malawi
73%
Monaco
73%
North Macedonia
73%
Republic of the Congo
73%
Seychelles
73%
South Sudan
73%
Sri Lanka
73%
Turkmenistan
73%
Uganda
73%
United Arab Emirates
73%
Bahrain
67%
Brunei
67%
Cape Verde
67%
Comoros
67%
Equatorial Guinea
67%
Kyrgyzstan
67%
Malaysia
67%
Marshall Islands
67%
Namibia
67%
Nauru
67%
Palau
67%
Papua New Guinea
67%
Saint Kitts and Nevis
67%
Saint Lucia
67%
Samoa
67%
San Marino
67%
Senegal
67%
Singapore
67%
Taiwan
67%
Tajikistan
67%
Vanuatu
67%
East Timor
60%
Federated States of Micronesia
60%
Grenada
60%
Maldives
60%
Mauritania
60%
Mauritius
60%
Saint Vincent and the Grenadines
60%
São Tomé and Príncipe
60%
Sierra Leone
60%
Solomon Islands
60%
Tonga
60%
Tuvalu
60%
Trinidad and Tobago
53%
No matching quizzes found
Score Distribution
Percent of People with Each Score
Percentile by Number Answered
Your Score History
You have not taken this quiz